000 02044cam a22004217a 4500
001 4300
003 FISKH
005 20240715084739.0
008 130506s2013 nyua j b 000 1 eng d
010 _a 2012285655
020 _a9780545459365 (pbk.)
020 _a0545459362 (pbk.)
020 _a9781451788136 (Paw Prints)
020 _a1451788134 (Paw Prints)
040 _aYDXCP
_cYDXCP
_beng
050 _aPZ7.T211115
082 _a813.6
100 1 _aTarshis, Lauren.
245 1 0 _aI survived the Battle of Gettysburg, 1863 /
_cby Lauren Tarshis ; illustrated by Scott Dawson.
260 _aNew York :
_bScholastic,
_c2013.
300 _a89 pages :
_billustrations ;
_c20 cm
490 1 _aI survived
500 _aIncludes "a trip back in time, questions and answers about the Civil War, and more''.
504 _aIncludes bibliographical references.
505 _aQ
520 _a"It's 1863, and Thomas and his little sister, Birdie, have fled the farm where they were born and raised as slaves. Following the North Star, looking for freedom, they soon cross paths with a Union soldier. Everything changes: Corporal Henry Green brings Thomas and Birdie back to his regiment, and suddenly it feels like they've found a new home. Best of all, they don't have to find their way north alone--they're marching with the army. But then orders come through: the men are called to battle in Pennsylvania. Thomas has made it so far... but does he have what it takes to survive Gettysburg?"--P. [4] of cover.
521 _a660
_bLexile
521 _aQ
_bRaz-Plus
650 0 _aGettysburg, Battle of, Gettysburg, Pa., 1863
_vJuvenile fiction.
650 0 _aEnslaved children
_vJuvenile fiction.
650 1 _aGettysburg, Battle of, Gettysburg, Pa., 1863
_vFiction.
650 1 _aEnslaved persons
_zAmerica
_xHistory
_vFiction.
700 1 _aDawson, Scott,
_eillustrator
800 1 _aTarshis, Lauren.
_tI survived
906 _a7
_bcbc
_ccopycat
_d2
_encip
_f20
_gy-gencatlg
942 _2ddc
_cBK
_n0
999 _c4300
_d4300